Czy znasz serialowe imiona i nazwiska tych postaci z Friends? - Statystyki

Ogólne statystyki
  • Ten quiz został rozwiązany 75 razy
  • Średni wynik to 10 z 24
Statystyki odpowiedzi
Obrazkowy Odpowiedź % Poprawnych
Monica Geller
94%
Joey Tribbiani
93%
Emma Geller-Green
90%
Rachel Green
90%
Chandler Bing
72%
Phoebe Buffay
72%
Ross Geller
72%
Ben Geller
69%
Ursula Buffay
57%
Jill Green
43%
Gunther
40%
Frank Buffay Jr.
35%
Mike Hannigan
26%
Carol Willick
24%
Richard Burke
24%
Charles Bing
19%
Susan Bunch
15%
Tag Jones
13%
Emily Waltham
9%
Janice Litman
9%
Estelle Leonard
6%
Pete Becker
4%
Charlie Wheeler
3%
Paul Stevens
3%
Nie znaleziono quizów pasujących do podanych kryteriów
Rozkład punktacji
Procent ludzi z każdym wynikiem
Percentyl według liczby udzielonych odpowiedzi
Twoja historia wyników
Nie rozwiązałeś tego quizu